| 000 | 00944cam a2200265 4500 | ||
|---|---|---|---|
| 001 | ##L131072 | ||
| 002 | ##8252 | ||
| 008 | 050923n2005 000 0 eng u | ||
| 020 | _a1405127902 | ||
| 035 | _a(Sirsi) u131072 | ||
| 041 | 0 | _aeng | |
| 050 | 0 | 4 | _a658.2 $2 18 |
| 100 | 1 | _aAtkin, Brian L. | |
| 245 | 0 | 0 | _aTotal facilities management |
| 250 | _a2nd ed. | ||
| 260 |
_aOxford _bBlackwell Publishing _c2005 |
||
| 300 |
_axv, 238p. _c25cm. |
||
| 350 | _a37.50 | ||
| 520 | _aOffers an insight into how facilities management applies to organisations of all kinds. Focuses in particular on customer satisfaction and value for money. Contains new sections on: human resources management; change management; workplace productivity; and public-private partnerships. | ||
| 520 | _aSupersedes 1st ed. (ISBN 0632054719). | ||
| 590 | _aIKA251005 | ||
| 690 | _aMANAGEMENT-FACILITIES MANAGEMENT | ||
| 700 | 1 | _aBrooks, Adrian | |
| 942 | _n0 | ||
| 999 |
_c104627 _d104627 |
||